| Registos Bibliográficos associados ao registo de autoridade |
|
Etiqueta de registo: 00254nbm 2200025 450 001 2283384 003 http://id.bnportugal.gov.pt/bib/catbnp/2283384 100 ## $a20260401j1567 k y0pory01030103ba 101 0# $alat t 102 ## $aPT 105 ## $ay z 000yy 106 ## $ah 200 1# $aRecolecta In Titvl[us] Ivris Civilis$bManuscrito] 210 #1 $a[Coimbra], 215 ## $a[II], 802, [2] f., enc.$d32 cm 300 ## $aCópia coeva 304 ## $aTexto em latim 304 ## $aPostilas das aulas de Direito, com comentários ao Corpus Iuris Civilis, leccionadas
na Universidade de Coimbra entre 1563 e 1565 307 ## $aProfusamente anotado; manículas salientando passagens 307 ## $aManchado pela tinta ferrogálica e humidade; perfurado (f. 415); vestígios de restauro
antigo; marcas da acção dos insectos; aparado 307 ## $aEncadernação moderna, solta, em pastas de cartão revestidas a pele castanha marmoreada;
título da lombada: "Apostillas De Direito" 316 ## $aCota antiga: U-6-15 321 1# $aMemoria Professorvm Vniversitatis Conimbrigensis 1290-1772. Coimbra : Arquivo da Universidade,
2003. P. 105-106, 114, 120, 125, 135, 140 327 11 $a"Index" (f. [I] v.-[II]) 516 1# $aApostilas de Direito 516 1# $aPostilas de Direito 517 1# $aApostillae juris 518 1# $aRecolecta in titulus iuris civilies 518 1# $aDe legati 518 1# $aDe legatis et fideicommissis 518 1# $aStipulatio hoc modo concepta 518 1# $aDe castrensi peculio 701 #1 $aPacheco,$bManuel de Sousa,$f15--$4070$31994510 701 #1 $aLopes,$bAscenso,$ffl. 1554-1564$4070$31880723 701 #1 $92$aFonseca,$bDiogo da,$f15---16--$4070$31035598 701 #1 $aTeixeira,$bFélix,$f15--16--$4070$3960892 701 #1 $aRodrigues,$bHeitor,$f15---1579$4070$31994497 701 #1 $aCosta,$bGabriel da,$ffl. 1574$4070$366452 701 #1 $aBarbosa,$bPedro,$f1530-1606$4070$3910234 702 #0 $aJustiniano,$cImperador,$f527-565$4100$346792 801 #0 $aPT$bBN$gRPC 966 ## $lBN$mMICROF$sF. 2033 966 ## $lBN$mRESMAN$sCOD. 6956 971 ## $cipires$d20260401
|
|
|